000 00301nam a2200109 a 4500
005 20201002045809.0
008 150128s2008 000 spa d
020 _a8489525579
245 0 _aCiencia, TecnologĂ­a & Sociedad :.
260 _aSanto Domingo, RepĂșblica Dominicana,
_c2008.
999 _c44490
_d44490
040 _aDO-SdBNP